000 00559nam a2200217Ia 4500
003 OSt
005 20221007082239.0
006 a|||||r|||| 00| 0
007 ta
008 221006b |||||||| |||| 00| 0 eng d
024 _a21,142
037 _cTextual
040 _aFLL
_cFLL
_beng
041 _2eng
_aeng
082 _aV8:2:9Zy7, K4
100 _aSawer l
_9698943
245 0 _aCases on the constitution of the commonwealth of Australia
260 _c1964
942 _hV8:2:9Zy7, K4
_cTEXL
_2CC
999 _c1165812
_d1165812